A fuvarszámlák ellenőrzési folyamata és a folyamatban rejlő kockázatok elemzése

Bibliográfiai részletek
Szerző: Zakor Márk
További közreműködők: Budai Dr. László
Dokumentumtípus: Záródolgozat
Kulcsszavak:Bosch
Fuvarszámlák
Magyarország
Kockázatelemzés
Ellenőrzés
Online Access:http://dolgozattar.uni-bge.hu/22541

MARC

LEADER 00000nta a2200000 i 4500
001 dolg22541
005 20200612095803.0
008 190517suuuu hu o 000 hun d
040 |a BGE Dolgozattár Repozitórium  |b hun 
041 |a hu 
100 1 |a Zakor Márk 
245 1 2 |a A fuvarszámlák ellenőrzési folyamata és a folyamatban rejlő kockázatok elemzése  |c Zakor Márk  |h [elektronikus dokumentum] 
516 |a Final_paper 
695 |a Bosch 
695 |a Fuvarszámlák 
695 |a Magyarország 
695 |a Kockázatelemzés 
695 |a Ellenőrzés 
700 1 |a Budai Dr. László  |e ths 
856 4 0 |u http://dolgozattar.uni-bge.hu/22541/1/%C3%BAj%20z%C3%A1r%C3%B3dolgozat.pdf  |z Dokumentum-elérés 
856 4 0 |u http://dolgozattar.uni-bge.hu/22541/7/Bizalmas%20szakdolgozat.pdf  |z Dokumentum-elérés